[Event "1st Spanish League"]
[Site "Linares"]
[Date "2017.08.15"]
[Round "2"]
[White "Hernandez Estevez, Yudania"]
[Black "Vega Gutierrez, Belinda"]
[Result "1-0"]
[WhiteTitle "WIM"]
[BlackTitle "WIM"]
[WhiteElo "2211"]
[BlackElo "2178"]
[Board "5"]
[WhiteCountry "ESP"]
[WhiteFideId "2219344"]
[BlackCountry "ESP"]
[BlackFideId "2229994"]
[WhiteEloChange "9"]
[BlackEloChange "-9"]

1. e4 e5 2. Nf3 Nc6 3. Bb5 a6 4. Ba4 Nf6 5. O-O Nxe4 6. d4 b5 7. Bb3 d5 8.
dxe5 Be6 9. c3 Be7 10. Nbd2 O-O 11. Bc2 f5 12. Nb3 Qd7 13. Re1 a5 14. a4 b4
15. Bd3 Nd8 16. Qc2 c5 17. Bb5 Qb7 18. h4 h6 19. Nbd2 Nf7 20. c4 Nxd2 21.
Bxd2 d4 22. Qd3 Qc7 23. g3 Bc8 24. h5 Nd8 25. Nh2 Ne6 26. f3 Bb7 27. Re2
Bd8 28. Rf1 Ra7 29. Kf2 Qf7 30. Ke1 Qxh5 31. Bd7 Qf7 32. Bxe6 Qxe6 33. Rg1
Bc6 34. b3 Raf7 35. Kd1 Bc7 36. Kc1 Re8 37. f4 Rfe7 38. g4 Rf8 39. gxf5
Rxf5 40. Ng4 Kf8 41. Rh2 Ref7 42. Rh3 Ke8 43. Rhg3 Qe7 44. Nf6+ R5xf6 45.
exf6 gxf6 46. Re1 Be5 47. fxe5 fxe5 48. Qg6 Kd7 49. Qxh6 e4 50. Rg6 Bb7 51.
Rb6 Kc7 52. Re6 Qf8 53. Qxf8 Rxf8 54. Re7+ Kb6 55. Rh1 Rf6 56. Rh6 1-0

[Event "1st Spanish League"]
[Site "Linares"]
[Date "2017.08.15"]
[Round "2"]
[White "Bruzon Batista, Lazaro"]
[Black "Anton Guijarro, David"]
[Result "1/2-1/2"]
[WhiteTitle "GM"]
[BlackTitle "GM"]
[WhiteElo "2643"]
[BlackElo "2654"]
[Board "1"]
[WhiteCountry "CUB"]
[WhiteFideId "3503739"]
[BlackCountry "ESP"]
[BlackFideId "2285525"]

1. Nf3 f5 2. d4 Nf6 3. c4 g6 4. Nc3 Bg7 5. e3 O-O 6. Be2 e6 7. O-O b6 8. b3
Bb7 9. Ba3 Re8 10. Rc1 d6 11. c5 a6 12. cxd6 cxd6 13. Nd2 b5 14. Bf3 Ra7
15. Re1 e5 16. dxe5 dxe5 17. e4 Nc6 18. Bc5 Ra8 19. Nd5 Rc8 20. Bb6 Qd6 21.
Bc5 Qd8 22. Bb6 Qd6 23. Bc5 Qd8 24. Bb6 1/2-1/2

[Event "1st Spanish League"]
[Site "Linares"]
[Date "2017.08.15"]
[Round "2"]
[White "Cuenca Jimenez, Jose Fernando"]
[Black "Cordova, Emilio"]
[Result "1/2-1/2"]
[WhiteTitle "GM"]
[BlackTitle "GM"]
[WhiteElo "2513"]
[BlackElo "2629"]
[Board "2"]
[WhiteCountry "ESP"]
[WhiteFideId "2255570"]
[BlackCountry "PER"]
[BlackFideId "3801497"]
[WhiteEloChange "2"]
[BlackEloChange "-2"]

1. d4 Nf6 2. c4 e6 3. Nc3 Bb4 4. Qc2 d5 5. cxd5 exd5 6. Bg5 h6 7. Bh4 Nc6
8. e3 g5 9. Bg3 Ne4 10. Bb5 Qe7 11. Ne2 Bf5 12. Qa4 O-O 13. Bxc6 bxc6 14.
Qxc6 Qe6 15. Qxe6 fxe6 16. a3 Bxc3+ 17. Nxc3 Nxc3 18. bxc3 Rfc8 19. h4 g4
20. h5 Rab8 21. O-O Rb3 22. Kh2 Rxc3 1/2-1/2

[Event "1st Spanish League"]
[Site "Linares"]
[Date "2017.08.15"]
[Round "2"]
[White "Volkov, Sergey"]
[Black "Almagro Llamas, Pablo"]
[Result "1/2-1/2"]
[WhiteTitle "GM"]
[BlackTitle "IM"]
[WhiteElo "2637"]
[BlackElo "2466"]
[Board "3"]
[WhiteCountry "RUS"]
[WhiteFideId "4122763"]
[BlackCountry "ESP"]
[BlackFideId "2221799"]
[WhiteEloChange "-2"]
[BlackEloChange "2"]

1. d4 Nf6 2. c4 e6 3. Nf3 b6 4. g3 Ba6 5. Qa4 Be7 6. Nc3 Bb7 7. Bg2 Ne4 8.
O-O Nxc3 9. bxc3 O-O 10. Rd1 d6 11. d5 Qd7 12. Qc2 e5 13. c5 Qe8 14. Rb1
Bd8 15. c6 Bc8 16. c4 a5 17. Ne1 Na6 18. e4 f5 19. Nd3 Qg6 20. Qe2 Nb4 21.
Nxb4 axb4 22. Rxb4 fxe4 23. Bxe4 Rxa2 24. Rb2 Rxb2 25. Bxb2 Bf5 26. f3 h5
27. Rf1 Bg5 28. Bxf5 Qxf5 29. h4 Bd8 30. Kg2 Qg6 31. Qe4 Qxe4 32. fxe4 Rxf1
33. Kxf1 Kf7 34. Bc1 Ke8 35. Ke2 Be7 36. Kd3 Kd8 37. Kc3 Kc8 38. Kb4 Kb8
39. Kb5 Ka7 40. Bd2 Bd8 41. Bc3 Be7 42. Bd2 Bd8 43. Kb4 Ka6 44. Kc3 Ka7 45.
Kd3 Kb8 46. Ke2 Kc8 47. Kf3 Be7 48. g4 g6 49. Kg3 Kd8 50. Bh6 Ke8 51. Kh3
Kd8 52. Bg7 Ke8 53. Kg3 Bf8 54. Bxf8 Kxf8 55. gxh5 gxh5 56. Kf3 Ke8 57. Ke3
Kd8 58. Kd3 Kc8 59. Kc3 Kb8 60. Kb4 Ka7 61. Kb5 Kb8 62. Ka6 Ka8 1/2-1/2

[Event "1st Spanish League"]
[Site "Linares"]
[Date "2017.08.15"]
[Round "2"]
[White "Rubio Mejia, Luis Ignacio"]
[Black "Fernandez Romero, Ernesto"]
[Result "1/2-1/2"]
[WhiteTitle "IM"]
[BlackTitle "IM"]
[WhiteElo "2442"]
[BlackElo "2492"]
[Board "4"]
[WhiteCountry "ESP"]
[WhiteFideId "2281228"]
[BlackCountry "ESP"]
[BlackFideId "2214679"]
[WhiteEloChange "1"]
[BlackEloChange "-1"]

1. d4 Nf6 2. c4 e6 3. Nc3 Bb4 4. Qc2 b6 5. e4 c5 6. d5 Qe7 7. Be2 exd5 8.
exd5 O-O 9. Nf3 d6 10. Be3 b5 11. O-O bxc4 12. Bxc4 Bg4 13. Rae1 Bxf3 14.
Bg5 Qd7 15. gxf3 Qh3 16. Bxf6 gxf6 17. Qe4 Bxc3 18. bxc3 Nd7 19. Kh1 Ne5
20. Rg1+ Kh8 21. Rg3 Qh6 22. Bb5 a6 23. Bc6 Rab8 24. f4 Ng6 25. f5 Ne5 26.
Ree3 Qh5 27. Rh3 Qd1+ 28. Re1 Qg4 29. Qxg4 Nxg4 30. Re2 Rg8 31. Rg3 h5 32.
Rg1 Ne5 33. f4 Nxc6 34. dxc6 Rbc8 35. Re7 Rxg1+ 36. Kxg1 Rxc6 37. Rxf7 d5
38. Rd7 d4 39. cxd4 cxd4 40. Rxd4 Rc1+ 41. Kg2 Rc2+ 42. Kg3 Rxa2 43. Rd6
Kg7 44. Rd7+ Kg8 45. Rd8+ Kf7 46. Rd7+ Kf8 47. Rd6 Ke7 48. Re6+ Kf7 49. Rb6
a5 50. Rb7+ 1/2-1/2

[Event "1st Spanish League"]
[Site "Linares"]
[Date "2017.08.15"]
[Round "2"]
[White "Perera Borrego, Maria Adela"]
[Black "Garcia Martin, Marta"]
[Result "1-0"]
[WhiteTitle "WFM"]
[BlackTitle "FM"]
[WhiteElo "2116"]
[BlackElo "2411"]
[Board "5"]
[WhiteCountry "ESP"]
[WhiteFideId "22238255"]
[BlackCountry "ESP"]
[BlackFideId "32084030"]
[WhiteEloChange "17"]
[BlackEloChange "-8"]

1. d4 d5 2. c4 e6 3. Nc3 Bb4 4. e3 Nf6 5. Bd3 e5 6. dxe5 dxc4 7. exf6 cxd3
8. fxg7 Rg8 9. Qh5 Rxg7 10. Bd2 Nc6 11. Nf3 Rxg2 12. Qxh7 Qf6 13. Qe4+ Be6
14. Qf4 Qxf4 15. exf4 O-O-O 16. Rg1 Rxg1+ 17. Nxg1 Rh8 18. h3 Bxh3 19. Nxh3
Rxh3 20. O-O-O Nd4 21. Be3 Ne2+ 22. Kd2 c5 23. Kxd3 Nxf4+ 24. Ke4 Ne6 25.
Nd5 Rh4+ 26. Ke5 Rc4 27. a3 Ba5 28. Kf6 Rc2 29. b4 Bb6 30. Kxf7 Nd8+ 31.
Ke8 Nc6 32. b5 Ne5 33. Bf4 Re2 34. Nxb6+ axb6 35. Rd8+ Kc7 36. Rd5 1-0

[Event "1st Spanish League"]
[Site "Linares"]
[Date "2017.08.15"]
[Round "2"]
[White "Granda Zuniga, Julio E"]
[Black "Glavina, Pablo"]
[Result "1-0"]
[WhiteTitle "GM"]
[BlackTitle "IM"]
[WhiteElo "2662"]
[BlackElo "2400"]
[Board "1"]
[WhiteCountry "PER"]
[WhiteFideId "3800024"]
[BlackCountry "ARG"]
[BlackFideId "100234"]
[WhiteEloChange "2"]
[BlackEloChange "-2"]

1. c4 e6 2. Nc3 d5 3. cxd5 exd5 4. d4 Nf6 5. Bg5 Be7 6. e3 O-O 7. Bd3 Nbd7
8. Nge2 Re8 9. O-O Nf8 10. Qd2 c6 11. Rad1 Ng6 12. Ng3 h6 13. Bxf6 Bxf6 14.
b4 Be7 15. b5 Bd6 16. bxc6 bxc6 17. Na4 Nh4 18. Rfe1 a5 19. Qc1 Bg4 20. Be2
Bd7 21. Nc5 Bc8 22. Qc2 Qg5 23. Nd3 Bd7 24. f4 Qe7 25. Ne5 Bxe5 26. dxe5 f6
27. Bh5 Reb8 28. e4 Qa3 29. Qf2 Be8 30. exf6 gxf6 31. Bxe8 Rxe8 32. Nh5 1-0

[Event "1st Spanish League"]
[Site "Linares"]
[Date "2017.08.15"]
[Round "2"]
[White "Adla, Diego"]
[Black "Vazquez Igarza, Renier"]
[Result "0-1"]
[WhiteTitle "IM"]
[BlackTitle "GM"]
[WhiteElo "2394"]
[BlackElo "2574"]
[Board "2"]
[WhiteCountry "ARG"]
[WhiteFideId "100072"]
[BlackCountry "ESP"]
[BlackFideId "3503054"]
[WhiteEloChange "-5"]
[BlackEloChange "3"]

1. c4 Nf6 2. Nc3 c5 3. Nf3 d5 4. cxd5 Nxd5 5. g3 Nc6 6. Bg2 Nc7 7. O-O e5
8. a3 a5 9. d3 Be7 10. Nd2 Bd7 11. Nc4 O-O 12. Bxc6 Bxc6 13. Nxe5 Be8 14.
a4 Ne6 15. Be3 Bf6 16. Nc4 Bc6 17. f3 Ra6 18. Rc1 b6 19. b3 Ra7 20. Ne4 Be7
21. g4 Ba8 22. Kh1 Kh8 23. Rg1 Rd7 24. Qd2 f6 25. Rg3 Qb8 26. Rh3 Bd8 27.
Qe1 Kg8 28. Qg3 Bc7 29. Qh4 h6 30. Qh5 Rd5 31. Qg6 Bf4 32. Rxh6 Bxh6 33.
Bxh6 Qc7 34. Be3 Rf7 35. Nxf6+ Rxf6 36. Qe8+ Nf8 37. Qxa8 Rd8 38. Qe4 Re6
39. Qf5 Rde8 40. Bf4 Qd7 0-1

[Event "1st Spanish League"]
[Site "Linares"]
[Date "2017.08.15"]
[Round "2"]
[White "Moreno Ruiz, Javier"]
[Black "Goni Navarro, Pablo"]
[Result "1-0"]
[WhiteTitle "IM"]
[WhiteElo "2460"]
[BlackElo "2132"]
[Board "3"]
[WhiteCountry "ESP"]
[WhiteFideId "2203146"]
[BlackCountry "ESP"]
[BlackFideId "22295720"]
[WhiteEloChange "1"]
[BlackEloChange "-3"]

1. d4 Nf6 2. c4 e6 3. Nc3 Bb4 4. e3 c5 5. Ne2 b6 6. a3 Ba5 7. Rb1 Na6 8. g3
Bb7 9. d5 O-O 10. Bg2 exd5 11. O-O Bxc3 12. Nxc3 Nc7 13. cxd5 d6 14. b4 Bc8
15. e4 Bg4 16. f3 Bd7 17. Bb2 Qc8 18. Ne2 Re8 19. Nf4 Rb8 20. Bxf6 gxf6 21.
Nh5 Qd8 22. bxc5 dxc5 23. f4 Kh8 24. Qd3 Bg4 25. Bf3 Bxh5 26. Bxh5 Kg7 27.
Rbd1 b5 28. e5 c4 29. Qf5 Na6 30. d6 b4 31. Rfe1 c3 32. Bxf7 Kxf7 33. Qxh7+
Kf8 34. e6 Qb6+ 35. Kg2 Qb7+ 36. Qxb7 Rxb7 37. d7 Rxd7 38. exd7 Rd8 39.
axb4 Nxb4 40. Kf3 c2 41. Rd2 a5 42. g4 a4 43. f5 a3 44. Kg3 a2 45. h4 Kf7
46. g5 Kf8 47. h5 fxg5 48. h6 Kg8 49. f6 Kh7 50. f7 Nc6 51. Rxc2 Ne5 52.
Rc8 Nxf7 53. Rxd8 Nxd8 54. Ra1 Kxh6 55. Rxa2 Kg7 56. Ra8 1-0

[Event "1st Spanish League"]
[Site "Linares"]
[Date "2017.08.15"]
[Round "2"]
[White "Chueca Lorente, Javier"]
[Black "Martin Duque, Jesus"]
[Result "1/2-1/2"]
[BlackTitle "FM"]
[WhiteElo "2103"]
[BlackElo "2386"]
[Board "4"]
[WhiteCountry "ESP"]
[WhiteFideId "22216405"]
[BlackCountry "ESP"]
[BlackFideId "2208954"]
[WhiteEloChange "7"]
[BlackEloChange "-7"]

1. e4 e6 2. d4 d5 3. Nd2 Be7 4. Ngf3 Nf6 5. e5 Nfd7 6. Bd3 b6 7. O-O Ba6 8.
c4 c5 9. Re1 cxd4 10. Nxd4 Nc5 11. Bf1 Bb7 12. Qg4 Kf8 13. b4 h5 14. Qf3
dxc4 15. Nxe6+ Nxe6 16. Qxb7 Nd7 17. Bxc4 Bxb4 18. Bxe6 fxe6 19. Qf3+ Kg8
20. Re4 Bxd2 21. Bxd2 Nc5 22. Rc4 Qd5 23. Qe2 Rd8 24. Bc3 Rh6 25. Rd4 Qa8
26. Rad1 Rxd4 27. Rxd4 Rg6 28. g3 Rg4 29. Rxg4 hxg4 30. Qxg4 Qd5 31. Qh5
Qxa2 32. Qe8+ 1/2-1/2

[Event "1st Spanish League"]
[Site "Linares"]
[Date "2017.08.15"]
[Round "2"]
[White "Collazo Hidalgo-Gato, Niala"]
[Black "Ortin Blanco, Ainhoa"]
[Result "0-1"]
[WhiteTitle "WIM"]
[WhiteElo "2198"]
[BlackElo "1961"]
[Board "5"]
[WhiteCountry "ESP"]
[WhiteFideId "3504476"]
[BlackCountry "ESP"]
[BlackFideId "32010117"]
[WhiteEloChange "-16"]
[BlackEloChange "16"]

1. e4 c5 2. Nf3 Nc6 3. d4 cxd4 4. Nxd4 g6 5. c4 Bg7 6. Be3 Nf6 7. Nc3 O-O
8. Be2 d6 9. O-O Bd7 10. f3 Rc8 11. Nxc6 Bxc6 12. Qd2 a5 13. Rab1 Nd7 14.
b3 Nc5 15. Rfc1 Re8 16. Rc2 Qb6 17. Bf2 Qb4 18. Qc1 Qb6 19. a3 Qc7 20. Bf1
b6 21. Nd5 Bxd5 22. cxd5 Qd7 23. b4 axb4 24. axb4 Na4 25. Bb5 Rxc2 26. Bxd7
Rxc1+ 27. Rxc1 Ra8 28. Bxa4 Rxa4 29. Rc8+ Bf8 30. Be3 Kg7 31. Bd2 f5 32.
Rb8 Kf7 33. Rxb6 Bg7 34. Rc6 Ra2 35. Be3 Rb2 36. Rc4 Rb3 37. Bd2 Rb2 38.
Be1 Bh6 39. exf5 Be3+ 40. Kf1 gxf5 41. Bc3 Rf2+ 42. Ke1 Rxg2 43. h3 f4 44.
Bd4 Ra2 45. Kd1 Rd2+ 0-1

[Event "1st Spanish League"]
[Site "Linares"]
[Date "2017.08.15"]
[Round "2"]
[White "Nikolov, Momchil"]
[Black "Bernal Moro, Luis Javier"]
[Result "0-1"]
[WhiteTitle "GM"]
[BlackTitle "IM"]
[WhiteElo "2585"]
[BlackElo "2413"]
[Board "1"]
[WhiteCountry "BUL"]
[WhiteFideId "2905710"]
[BlackCountry "ESP"]
[BlackFideId "2200236"]
[WhiteEloChange "-7"]
[BlackEloChange "7"]

1. d4 Nf6 2. c4 d6 3. Nc3 e5 4. Nf3 e4 5. Ng5 Qe7 6. h4 h6 7. Nh3 g6 8. Nf4
c6 9. e3 h5 10. Bd2 Bh6 11. Qb3 Ng4 12. Nce2 O-O 13. f3 Nf6 14. Nh3 c5 15.
Ng5 Nc6 16. Kf2 Re8 17. Re1 cxd4 18. exd4 Bg7 19. d5 Ne5 20. Ng3 e3+ 21.
Rxe3 Neg4+ 22. Ke2 Nxe3 23. Bxe3 b5 24. N3e4 bxc4 25. Qxc4 Bf5 26. Kf2 Rac8
27. Qa4 Bxe4 28. Nxe4 Nxe4+ 29. fxe4 Qxe4 30. Qxe4 Rxe4 31. Bd3 Ra4 0-1

[Event "1st Spanish League"]
[Site "Linares"]
[Date "2017.08.15"]
[Round "2"]
[White "Martin Fuentes, Alberto"]
[Black "Oliva Castaneda, Kevel"]
[Result "0-1"]
[WhiteTitle "FM"]
[BlackTitle "IM"]
[WhiteElo "2405"]
[BlackElo "2497"]
[Board "2"]
[WhiteCountry "ESP"]
[WhiteFideId "2292289"]
[BlackCountry "CUB"]
[BlackFideId "3500799"]
[WhiteEloChange "-4"]
[BlackEloChange "4"]

1. e4 c5 2. Nc3 a6 3. g3 b5 4. Bg2 Bb7 5. d3 e6 6. Nh3 Nf6 7. O-O d5 8. e5
Nfd7 9. f4 Nc6 10. f5 Ndxe5 11. fxe6 fxe6 12. Bf4 Bd6 13. Ng5 Bc8 14. Nxd5
exd5 15. Bxd5 Ra7 16. Qh5+ g6 17. Qh4 Be7 18. Bxe5 Nxe5 19. Qe4 Qd6 20. Nf7
Nxf7 21. Bxf7+ Kd8 22. c3 Bb7 23. Qe3 Qc6 24. Kf2 Bf6 25. Ke2 Bc8 0-1

[Event "1st Spanish League"]
[Site "Linares"]
[Date "2017.08.15"]
[Round "2"]
[White "Granero Roca, Antonio"]
[Black "Tejedor Fuente, Enrique"]
[Result "1/2-1/2"]
[WhiteTitle "IM"]
[BlackTitle "FM"]
[WhiteElo "2392"]
[BlackElo "2361"]
[Board "3"]
[WhiteCountry "ESP"]
[WhiteFideId "2210509"]
[BlackCountry "ESP"]
[BlackFideId "2299100"]
[WhiteEloChange "-1"]
[BlackEloChange "1"]

1. d4 Nf6 2. c4 e6 3. Nf3 Bb4+ 4. Bd2 Be7 5. g3 d5 6. Bg2 c6 7. Qc2 O-O 8.
O-O Nbd7 9. Bf4 b6 10. cxd5 cxd5 11. Rc1 Bb7 12. Qa4 Ne8 13. Nbd2 a6 14. h4
Nd6 15. Qd1 b5 16. Ne5 Nxe5 17. Bxe5 Qb6 18. Nf3 Rfc8 19. Bf4 a5 20. Ne5
Nc4 21. Rab1 Nxe5 22. Bxe5 Bd6 23. Bxd6 Qxd6 24. Qd2 b4 25. Qe3 h6 26. Rc5
Qb6 27. Rbc1 Rc6 28. Rxc6 Bxc6 29. Qe5 Bb7 30. Qc7 Qxc7 31. Rxc7 Ba6 32.
Bf3 a4 33. a3 Rb8 34. Ra7 bxa3 35. bxa3 Rb6 36. e4 dxe4 37. Bxe4 g6 38. d5
Bc4 39. d6 Rxd6 40. Rxa4 Rd1+ 41. Kg2 Rd4 42. Ra8+ Kg7 43. Bf3 Rd3 44. Ra7
Bd5 45. Bxd5 1/2-1/2

[Event "1st Spanish League"]
[Site "Linares"]
[Date "2017.08.15"]
[Round "2"]
[White "Pozueta Alegria, Adrian"]
[Black "Cano Sanchez, Josue"]
[Result "1-0"]
[BlackTitle "FM"]
[WhiteElo "2186"]
[BlackElo "2392"]
[Board "4"]
[WhiteCountry "ESP"]
[WhiteFideId "22201173"]
[BlackCountry "ESP"]
[BlackFideId "2224410"]
[WhiteEloChange "15"]
[BlackEloChange "-15"]

1. e4 e6 2. d4 d5 3. Nd2 Nf6 4. e5 Nfd7 5. Bd3 c5 6. c3 Nc6 7. Ne2 cxd4 8.
cxd4 Qb6 9. Nf3 f6 10. exf6 Nxf6 11. O-O Bd6 12. b3 O-O 13. Bb2 Bd7 14. Nc3
Rae8 15. Nb5 Be7 16. Nc3 g6 17. Bb5 Nb8 18. Bxd7 Nbxd7 19. Re1 Nh5 20. Na4
Qa6 21. Rc1 Rc8 22. Qd2 Ng7 23. Ne5 Nxe5 24. Rxe5 b6 25. Ree1 Qb5 26. Nc3
Qa5 27. Qd3 Ba3 28. Bxa3 Qxa3 29. Rc2 Rc6 30. g3 Rfc8 31. Ree2 Qb4 32. Na4
Nf5 33. Rcd2 Rc1+ 34. Kg2 R8c6 35. Qf3 Nxd4 36. Qf4 Nc2 37. Qb8+ Qf8 38.
Qe5 Nb4 39. Nb2 Qd6 40. Qg5 R6c2 41. Nc4 Rxc4 42. bxc4 Rxc4 43. Qf6 Rc6 44.
Re3 Na6 45. Rf3 Rc7 46. Rxd5 Qe7 47. Rd8+ 1-0

[Event "1st Spanish League"]
[Site "Linares"]
[Date "2017.08.15"]
[Round "2"]
[White "Nicolas Zapata, Irene"]
[Black "Prado Acebo, Ines"]
[Result "1-0"]
[WhiteTitle "WIM"]
[BlackTitle "WFM"]
[WhiteElo "2287"]
[BlackElo "2107"]
[Board "5"]
[WhiteCountry "ESP"]
[WhiteFideId "22247270"]
[BlackCountry "ESP"]
[BlackFideId "22251235"]
[WhiteEloChange "5"]
[BlackEloChange "-5"]

1. Nf3 Nf6 2. c4 e6 3. g3 b6 4. Bg2 Bb7 5. Nc3 Be7 6. O-O O-O 7. Re1 Ne4 8.
Nxe4 Bxe4 9. d3 Bb7 10. e4 d6 11. Qc2 c6 12. d4 Na6 13. a3 d5 14. b4 Nc7
15. Bf4 dxc4 16. Qxc4 Bd6 17. Be3 Rc8 18. Rac1 Kh8 19. g4 Qe8 20. Nd2 e5
21. dxe5 Qxe5 22. f4 Qe6 23. e5 Be7 24. Qxe6 Nxe6 25. f5 Nd8 26. Ne4 Bh4
27. Red1 Rc7 28. Bf4 Re7 29. Nd6 Ba6 30. Rd2 Rc7 31. b5 Bb7 32. bxc6 Nxc6
33. Nxb7 1-0

[Event "1st Spanish League"]
[Site "Linares"]
[Date "2017.08.16"]
[Round "3"]
[White "Bernal Moro, Luis Javier"]
[Black "Bruzon Batista, Lazaro"]
[Result "0-1"]
[WhiteTitle "IM"]
[BlackTitle "GM"]
[WhiteElo "2413"]
[BlackElo "2643"]
[Board "1"]
[WhiteCountry "ESP"]
[WhiteFideId "2200236"]
[BlackCountry "CUB"]
[BlackFideId "3503739"]
[WhiteEloChange "-2"]
[BlackEloChange "2"]

1. Nf3 c5 2. c4 Nf6 3. d4 cxd4 4. Nxd4 e6 5. Nc3 a6 6. a3 Qc7 7. e4 b6 8.
f4 d6 9. Bd3 g6 10. Be3 Bg7 11. Rc1 O-O 12. O-O Nbd7 13. b4 Bb7 14. Nb3
Rac8 15. Qe2 Qb8 16. Kh1 Qa8 17. Nd2 Nh5 18. Na4 b5 19. cxb5 Rxc1 20. Rxc1
axb5 21. Bxb5 Ndf6 22. Nc4 Nxe4 23. Kg1 d5 24. Ncb6 Qd8 25. Rd1 d4 26. g3
Qd6 27. Bf2 Rd8 28. Nc4 Qd5 29. Ncb6 Qd6 30. Nc4 Nxf4 31. gxf4 Qxf4 32. Na5
Qg5+ 33. Kf1 Nxf2 34. Kxf2 Qh4+ 35. Kg1 d3 36. Rxd3 Rxd3 37. Bxd3 Bd4+ 38.
Kf1 Qf4+ 39. Ke1 Qc1+ 40. Qd1 Bf2+ 41. Kxf2 Qxd1 42. Nxb7 Qxd3 43. Nac5
Qxa3 0-1

[Event "1st Spanish League"]
[Site "Linares"]
[Date "2017.08.16"]
[Round "3"]
[White "Cordova, Emilio"]
[Black "Tejedor Fuente, Enrique"]
[Result "1-0"]
[WhiteTitle "GM"]
[BlackTitle "FM"]
[WhiteElo "2629"]
[BlackElo "2361"]
[Board "2"]
[WhiteCountry "PER"]
[WhiteFideId "3801497"]
[BlackCountry "ESP"]
[BlackFideId "2299100"]
[WhiteEloChange "2"]
[BlackEloChange "-4"]

1. Nf3 d5 2. g3 Nf6 3. Bg2 Nc6 4. d4 Bf5 5. O-O e6 6. Nbd2 Be7 7. b3 Nb4 8.
Ne1 c5 9. dxc5 Bxc5 10. c3 Nc6 11. Nd3 Be7 12. Bb2 O-O 13. b4 Rc8 14. a3
Qb6 15. c4 dxc4 16. Nxc4 Qa6 17. Ne3 Bxd3 18. Qxd3 Qxd3 19. exd3 Rfd8 20.
Rac1 a6 21. Rfd1 Nd5 22. Rc2 Rc7 23. Nxd5 exd5 24. Bd4 Rcc8 25. Bh3 Ra8 26.
Bb6 Rd6 27. Bc5 Rh6 28. Bg2 Rd8 29. Bxe7 Nxe7 30. Rc7 Re6 31. Rxb7 Rc8 32.
Rd7 h6 33. Bxd5 Nxd5 34. Rxd5 Rc2 35. d4 Rf6 36. f4 Ra2 37. Rd8+ Kh7 38. d5
h5 39. d6 Re6 40. d7 Ree2 41. Rh8+ Kg6 42. f5+ Kxf5 43. Rxh5+ Kg4 44. Rh4+
1-0

[Event "1st Spanish League"]
[Site "Linares"]
[Date "2017.08.16"]
[Round "3"]
[White "Gonzalez Laso, Adrian"]
[Black "Volkov, Sergey"]
[Result "0-1"]
[BlackTitle "GM"]
[WhiteElo "2210"]
[BlackElo "2637"]
[Board "3"]
[WhiteCountry "ESP"]
[WhiteFideId "22223860"]
[BlackCountry "RUS"]
[BlackFideId "4122763"]
[WhiteEloChange "-2"]
[BlackEloChange "1"]

1. e4 e6 2. d4 d5 3. Nc3 Nf6 4. Bg5 Bb4 5. e5 h6 6. Bd2 Bxc3 7. bxc3 Ne4 8.
Qg4 Kf8 9. h4 c5 10. Bd3 Nxd2 11. Kxd2 Nc6 12. Rh3 c4 13. Be2 b5 14. Rg3
Rg8 15. Nh3 b4 16. cxb4 Qb6 17. c3 a5 18. b5 Qxb5 19. Ke1 Qb2 20. Rd1 Qxa2
21. Qf4 a4 22. Rf3 Ra7 23. g4 a3 24. g5 Qc2 25. gxh6 gxh6 26. Qxh6+ Ke8 27.
Qc1 Qxc1 28. Rxc1 Na5 29. Ra1 Nb3 30. Ra2 Nc1 31. Ra1 a2 32. Rxc1 Rb7 0-1

[Event "1st Spanish League"]
[Site "Linares"]
[Date "2017.08.16"]
[Round "3"]
[White "Fernandez Romero, Ernesto"]
[Black "Garcia Perez, Javier"]
[Result "1-0"]
[WhiteTitle "IM"]
[WhiteElo "2492"]
[BlackElo "2102"]
[Board "4"]
[WhiteCountry "ESP"]
[WhiteFideId "2214679"]
[BlackCountry "ESP"]
[BlackFideId "22238751"]
[WhiteEloChange "1"]
[BlackEloChange "-2"]

1. e4 e6 2. d4 d5 3. Nd2 Be7 4. Bd3 c5 5. dxc5 Nf6 6. Qe2 Nc6 7. Ngf3 Nb4
8. O-O Nxd3 9. cxd3 Bxc5 10. Nb3 Be7 11. Bg5 h6 12. Bh4 O-O 13. Rac1 Bd7
14. e5 Nh7 15. Bxe7 Qxe7 16. Rc7 b6 17. Rfc1 Rfc8 18. Nbd4 Qd8 19. Qc2 a6
20. h4 Rab8 21. g3 Qe8 22. Qb3 Rxc7 23. Rxc7 Qd8 24. Ra7 Ra8 25. Rxa8 Qxa8
26. Qxb6 Qc8 27. Kg2 Qc1 28. Qb3 g5 29. hxg5 hxg5 30. Qc2 Qa1 31. a3 g4 32.
Ng1 f6 33. exf6 Nxf6 34. Nb3 Qe1 35. Qc3 Qd1 36. Qxf6 1-0

[Event "1st Spanish League"]
[Site "Linares"]
[Date "2017.08.16"]
[Round "3"]
[White "Prado Acebo, Ines"]
[Black "Perera Borrego, Maria Adela"]
[Result "0-1"]
[WhiteTitle "WFM"]
[BlackTitle "WFM"]
[WhiteElo "2107"]
[BlackElo "2116"]
[Board "5"]
[WhiteCountry "ESP"]
[WhiteFideId "22251235"]
[BlackCountry "ESP"]
[BlackFideId "22238255"]
[WhiteEloChange "-10"]
[BlackEloChange "10"]

1. d4 Nf6 2. c4 e6 3. Nc3 Bb4 4. Qc2 O-O 5. Nf3 d5 6. cxd5 exd5 7. Bg5 c6
8. e3 Nbd7 9. Bd3 Qa5 10. O-O Re8 11. Bh4 Bd6 12. a3 h6 13. b4 Qd8 14. b5
Nf8 15. bxc6 bxc6 16. Na4 Qe7 17. Bg3 Bxa3 18. Ne5 Bd7 19. Ba6 Nh5 20. Nxc6
Bxc6 21. Qxc6 Nxg3 22. hxg3 Red8 23. Rfb1 Bb4 24. Bb7 Rab8 25. Nc5 Rd6 26.
Qa4 a5 27. Bc6 Rc8 28. Bb5 h5 29. Nd3 h4 30. gxh4 Qxh4 31. Nxb4 Rh6 32. Kf1
axb4 33. Ke1 Rc3 34. g3 Qe4 35. Rb2 Qf3 36. Bf1 Rh1 37. Qd1 Rxe3+ 38. Kd2
Qxf2+ 0-1